ՀՀ Գիտությունների ազգային ակադեմիայի հիմնարար գիտական գրադարան  =   Fundamental Scientific Library of NAS RA

Սրտի երգեր, հոգու վերքեր. լուսնից անդին ։ (Record no. 540811)

MARC details
000 -LEADER
fixed length control field 00775nam a2200241 a 4500
001 - CONTROL NUMBER
control field 2039400
003 - CONTROL NUMBER IDENTIFIER
control field AM-YEHGA
005 - DATE AND TIME OF LATEST TRANSACTION
control field 20260327104142.0
008 - FIXED-LENGTH DATA ELEMENTS--GENERAL INFORMATION
fixed length control field 251107m2025 ai o||||r|||||00||p|arm|d
020 ## - INTERNATIONAL STANDARD BOOK NUMBER
International Standard Book Number 978-9939-979-55-7
040 ## - CATALOGING SOURCE
Original cataloging agency AM-YEHGA
041 0# - LANGUAGE CODE
Language code of text/sound track or separate title arm
044 ## - COUNTRY OF PUBLISHING/PRODUCING ENTITY CODE
MARC country code ai
100 1# - MAIN ENTRY--PERSONAL NAME
Personal name Զաքարյան, Աննա
245 10 - TITLE STATEMENT
Title Սրտի երգեր, հոգու վերքեր. լուսնից անդին ։
Remainder of title Բանաստեղծություններ /
Statement of responsibility, etc. Ա. Զաքարյան.
246 14 - VARYING FORM OF TITLE
Title proper/short title Լուսնից անդին
260 ## - PUBLICATION, DISTRIBUTION, ETC.
Place of publication, distribution, etc. Երևան ։
Name of publisher, distributor, etc. Լուսակն,
Date of publication, distribution, etc. 2025.
300 ## - PHYSICAL DESCRIPTION
Extent հատոր
500 ## - GENERAL NOTE
General note Գրքին կից՝ 1 CD:
505 10 - FORMATTED CONTENTS NOTE
Miscellaneous information Հ. 1 (2025 ; 51 էջ, գունավոր լուսանկ.)
650 14 - SUBJECT ADDED ENTRY--TOPICAL TERM
Topical term or geographic name entry element Հայ պոեզիա
942 ## - ADDED ENTRY ELEMENTS (KOHA)
Source of classification or shelving scheme Universal Decimal Classification
Koha item type Գրքեր / Books
Holdings
Withdrawn status Lost status Source of classification or shelving scheme Damaged status Not for loan Collection Home library Current library Date acquired Serial enumeration / chronology Total checkouts Full call number Barcode Date last seen Price effective from Koha item type Public note
    Universal Decimal Classification     General Fundamental Scientific Library Fundamental Scientific Library 08/12/2025 Հ. 1   AII/114011 FL0700441 08/12/2025 08/12/2025 Գրքեր / Books 30 Days Loan


ՀՀ ԳԱԱ հիմնարար գիտական գրադարան
ՀՀ,Երևան 0019
Մարշալ Բաղրամյան 24/6
հեռախոս:(374-10) 52-47-50
Հետադարձ կապ

All site content, except where otherwise noted, is licensed under a
Creative Commons License